000 00322nam a22001337a 4500
008 170615b xxu||||| |||| 00| 0 eng d
020 _a02759300715
041 _aeng
080 _22ND
_a327
100 _a19
101 _aSHP
245 _aTHEORIES AND APPROACHES TO INTERNATIONAL POLITICS
_cMORGAN,P.M
942 _2udc
_cBK
999 _c17461
_d17461